000 00948nam a2200289 i 4500
003 EG-GICUC
005 20260128140345.0
008 260127s1958 -sw ||||fr|||| 000 0ffre d
040 _aEG-GiCUC
_bfre
_cEG-GiCUC
_dEG-GiCUC
_eRda
082 0 4 _221
_a341.8
_bQU . S
092 0 4 _221
099 _aLaw1 11 341.8 QU . S 1958
100 1 _aQuadri, Rolando
_eAuteur
245 1 0 _aStudi Critici Di Diritto Internazionale :
_bDiritto Internazionale Privato.
_nVol. 1 /
_cRolando Quadri.
264 1 _aMelano :
_bDott. A. Giuffre Editore,
_c1958.
300 _a506page :
_billustration ;
_c 24 cm.
336 _2rda contenu
_a texte
337 _2rda medias
_aOrdinateur
338 _2 transporteur rda
_a Ressource en ligne
504 _a
546 _aTexte en français
650 1 4 _aPublic international law
_2
651 1 _2
856 4 0 _uhttps://fll.law.cu.edu.eg/fulltext/bks/B11-06855.pdf
905 _a50
942 _2ddc
_cBK
_e21
_n0
999 _c59892
_d59892